01397nam a2200253 a 4500008004100000020001800041041000800059100002400067245010200091250001100193260004900204300002000253500015200273653008100425653008700506653005500593653004300648653012200691653013800813653006000951653004201011653005101053653003901104171214s2014 ag f |||| 001 s spa d a9789871639090 aspa1 aRubinstein, Esteban aClínica imaginaria.bEl intersticio en la consulta del médico de familia /cEsteban Rubistein a1a ed. aBuenos Aires:bdelhospital ediciones;c2014. a248 p.c21x15cm aRubinstein, E. (2014). Clínica imaginaria. El intersticio en la consulta del médico de familia. (1a ed.). Buenos Aires : delhospital ediciones. 3aEl desafio del manejo de los temas más prevalentes de la medicina familiar 3aEl desafio del abordaje de los aspectos psicosociales para el médico de familia. 3aEl desafio de la identidad del médico de familia 3aLa valoración del médicode familia aAlgunos aspectos técnicos de la práctica de la medicina familiar que pueden transmitirse fácilmente en un texto aAlgunos aspectos técnicosy no tan técnicos de la práctica de la medicina familiar que son difíciles de transmitir en un texto aReflexiones sobre el diagnóstico en medicina familiar 3aLa agenda del paciente y del médico 3aLa homeostasitasis del paciente y del médico aViñetas clínicas y comentarios